000 01242cam a22003614a 4500
001 13838483
003 CU66
005 20260309130013.0
008 050111s2005 enka b 001 0 eng
010 _a 2005040733
016 7 _a013023311
_2Uk
020 _a0273693395 (pbk.)
035 _a(OCoLC)ocm57465701
040 _aDLC
_cDLC
_dBWKUK
_dUKM
_dOCL
_dBAKER
_dDLC
042 _apcc
043 _ae------
050 0 0 _aHG925
_b.H695 2005
082 0 0 _a332.1/094
_222
100 1 _aHowells, P. G. A.,
_d1947-
245 1 4 _aThe economics of money, banking and finance :
_ba European text /
_cPeter Howells and Keith Bain.
250 _a3rd ed.
260 _aHarlow, England ;
_aNew York :
_bPrentice Hall/Financial Times,
_c2005.
300 _axvii, 602 p. :
_bill. ;
_c25 cm.
504 _aIncludes bibliographical references and index.
650 0 _aFinance
_zEurope.
650 0 _aBanks and banking
_zEurope.
650 0 _aInternational finance.
700 1 _aBain, K.,
_d1942-
906 _a7
_bcbc
_corignew
_d1
_eocip
_f20
_gy-gencatlg
942 _2lcc
_cBK
_n0
999 _c8904
_d8904